00214nam a2200085Ia 4500008004100000100002100041245003200062260001300094260002100107180219s9999 xx 000 0 und d aMunsi Preamchand 0aPreamchand Ki Amar Kahaniya a"Mathura cGrahnth Bandhan"